Auditoría de la calidad de gestión de las organización (Registro nro. 197)

Detalles MARC
000 -LEADER
fixed length control field 01129 a2200229 4500
001 - CONTROL NUMBER
control field 1897
005 - DATE AND TIME OF LATEST TRANSACTION
control field 20260407155419.0
008 - FIXED-LENGTH DATA ELEMENTS--GENERAL INFORMATION
fixed length control field 260407a2010 arg spa d
003 - CONTROL NUMBER IDENTIFIER
control field AR-UNSa-BCEJYS
040 ## - CATALOGING SOURCE
Original cataloging agency AR-UNSa-BCEJYS
Language of cataloging spa
Transcribing agency AR-UNSa-BCEJYS
080 ## - UNIVERSAL DECIMAL CLASSIFICATION NUMBER
Universal Decimal Classification number 658.56
Common auxiliary subdivision Control de la calidad. Control de herramientas y material
020 ## - INTERNATIONAL STANDARD BOOK NUMBER
International Standard Book Number 978-987-1577-26-2
100 1# - MAIN ENTRY--PERSONAL NAME
Personal name De Zuani, Elio Rafael
245 10 - TITLE STATEMENT
Title Auditoría de la calidad de gestión de las organización
Name of part/section of a work método y aplicación práctica para medir la calidad del perfil global de gestión
264 #1 - PRODUCTION, PUBLICATION, DISTRIBUTION, MANUFACTURE, AND COPYRIGHT NOTICE
Place of production, publication, distribution, manufacture Buenos Aires :
Name of producer, publisher, distributor, manufacturer Osmar D. Buyatti
Date of production, publication, distribution, manufacture, or copyright notice 2010
300 ## - PHYSICAL DESCRIPTION
Extent 130 p.
Dimensions 22 cm.
505 ## - FORMATTED CONTENTS NOTE
Formatted contents note 1. Introducción - 2. Fundamentos teóricos del modelo aplicado - 3. Metodología de desarrollo del caso - 4. Análisis e interpretación de los resultados - 5. Conclusiones del desarrollo del caso
590 ## - LOCAL NOTE (RLIN)
Local note niveau_biblio:m niveau_hierar:0
700 1# - ADDED ENTRY--PERSONAL NAME
Personal name Lazarovich, Sergio
856 41 - ELECTRONIC LOCATION AND ACCESS
Uniform Resource Identifier <a href="https://biblioeco.unsa.edu.ar/pmb/images/libros/Auditor?a de la calidad de gesti?n de las organizaci?n De Zuani, Elio Rafael (2010).jpg">https://biblioeco.unsa.edu.ar/pmb/images/libros/Auditor?a de la calidad de gesti?n de las organizaci?n De Zuani, Elio Rafael (2010).jpg</a>
Link text Imagen de portada
Electronic format type image/jpeg
942 ## - ADDED ENTRY ELEMENTS (KOHA)
Koha item type
Existencias
Withdrawn status Lost status Damaged status Not for loan Home library Current library Shelving location Date acquired Total checkouts Full call number Barcode Date last seen Price effective from Koha item type
        Biblioteca Prof. Eusebio Cleto del Rey Biblioteca Prof. Eusebio Cleto del Rey   07/04/2026   658.56 D532 L118019 07/04/2026 07/04/2026 Libro
        Biblioteca Prof. Eusebio Cleto del Rey Biblioteca Prof. Eusebio Cleto del Rey   07/04/2026   658.56 D532 L118022 07/04/2026 07/04/2026 Libro
        Biblioteca Prof. Eusebio Cleto del Rey Biblioteca Prof. Eusebio Cleto del Rey   07/04/2026   658.56 D532 L118021 07/04/2026 07/04/2026 Libro
        Biblioteca Prof. Eusebio Cleto del Rey Biblioteca Prof. Eusebio Cleto del Rey   07/04/2026   658.56 D532 L118020 07/04/2026 07/04/2026 Libro
        Biblioteca Prof. Eusebio Cleto del Rey Biblioteca Prof. Eusebio Cleto del Rey   07/04/2026   658.56 D532 L118023 07/04/2026 07/04/2026 Libro